[Event "Titled Tuesday intern op 06th Feb Late"]
[Site "Chess.com INT"]
[Date "2024.02.06"]
[Round "11"]
[White "Zallio, Luciano de Souza"]
[Black "Bonin, Jay R"]
[Result "0-1"]
[WhiteElo "2086"]
[BlackElo "2155"]
[PlyCount "66"]
[EventDate "2024.02.06"]
[EventType "swiss (blitz)"]
[EventRounds "11"]
[EventCountry "USA"]
[SourceTitle "CB07_2024"]
[SourceDate "2024.02.14"]
[SourceVersion "1"]
[SourceVersionDate "2024.02.14"]
[SourceQuality "1"]

1. e4 e5 2. Nf3 Qe7 3. Bc4 g6 4. 0-0 Bg7 5. c3 Nf6 6. d3 0-0 7. Bg5 h6 8. Bh4 d6 9. Re1 a5 10. a4 Nbd7 11. Nbd2 c6 12. Nf1 g5 13. Bg3 Nc5 14. Ne3 Nh5 15. b4 axb4 16. cxb4 Nxa4 17. Rxa4 Rxa4 18. Qxa4 b5 19. Bxb5 cxb5 20. Qxb5 f5 21. Nd5 Qf7 22. h4 g4 23. Nd2 f4 24. Bh2 g3 25. Nc4 gxh2+ 26. Kxh2 f3 27. Nxd6 Qe6 28. Nxc8 Rxc8 29. g3 Rc2 30. Kg1 Qh3 31. Ne3 Nxg3 32. Qe8+ Kh7 33. Qa4 Qh1# 0-1

[Event "Manaus op 2nd"]
[Site "Manaus"]
[Date "2023.10.16"]
[Round "8"]
[White "Do Valle Cardoso, Lucas"]
[Black "Zallio, Luciano de Souza"]
[Result "1-0"]
[WhiteElo "2341"]
[BlackElo "2055"]
[PlyCount "103"]
[EventDate "2023.10.11"]
[EventType "swiss"]
[EventRounds "9"]
[EventCountry "BRA"]
[SourceTitle "Mega2024 Update 01"]
[Source "Chessbase"]
[SourceDate "2023.11.12"]
[SourceVersion "1"]
[SourceVersionDate "2023.11.12"]
[SourceQuality "1"]

1. Nf3 Nf6 2. g3 b6 3. Bg2 Bb7 4. 0-0 c5 5. c4 g6 6. Nc3 Bg7 7. d4 0-0 8. d5 d6 9. Bf4 Nbd7 10. Qd2 Re8 11. h3 Ba6 12. b3 Rb8 13. a4 Bc8 14. e4 Nh5 15. Bh6 Bh8 16. g4 Nhf6 17. Rae1 a6 18. Bf4 Rf8 19. e5 Ne8 20. e6 fxe6 21. Bh6 Bg7 22. dxe6 Ndf6 23. Bxg7 Kxg7 24. Ng5 Bb7 25. Bxb7 Rxb7 26. Nf7 Qc8 27. g5 Nh5 28. Nd5 Rxf7 29. exf7 Kxf7 30. Nf4 Nxf4 31. Qxf4+ Qf5 32. Qg4 Ng7 33. Re3 Qxg4+ 34. hxg4 Ne6 35. f4 Nd4 36. f5 Nc6 37. Rh3 Kg8 38. Kf2 Ne5 39. Kg3 b5 40. cxb5 axb5 41. a5 Ra7 42. Rfh1 Nf7 43. Rxh7 gxf5 44. g6 Ng5 45. Rh8+ Kg7 46. gxf5 Ne4+ 47. Kf4 Nf6 48. R1h7+ Nxh7 49. Rxh7+ Kg8 50. f6 e5+ 51. Ke4 Rxa5 52. f7+ 1-0

[Event "Manaus op 2nd"]
[Site "Manaus"]
[Date "2023.10.14"]
[Round "6"]
[White "Frota Ibanez, Hugo Adolfo"]
[Black "Zallio, Luciano de Souza"]
[Result "0-1"]
[WhiteElo "1822"]
[BlackElo "2055"]
[PlyCount "52"]
[EventDate "2023.10.11"]
[EventType "swiss"]
[EventRounds "9"]
[EventCountry "BRA"]
[SourceTitle "Mega2024 Update 01"]
[Source "Chessbase"]
[SourceDate "2023.11.12"]
[SourceVersion "1"]
[SourceVersionDate "2023.11.12"]
[SourceQuality "1"]

1. Nf3 d5 2. g3 g6 3. Bg2 Bg7 4. d4 Nf6 5. 0-0 0-0 6. Re1 Nbd7 7. Nbd2 b6 8. c4 Bb7 9. b3 c5 10. e3 dxc4 11. Nxc4 cxd4 12. Nxd4 Bxg2 13. Kxg2 Nc5 14. Bb2 Qc7 15. f3 Rfd8 16. Qe2 a6 17. Red1 b5 18. Nd2 e5 19. Rac1 Qb6 20. Nb1 exd4 21. Bxd4 Nfd7 22. Bxc5 Nxc5 23. Rxd8+ Rxd8 24. Qc2 Ne6 25. Qe4 Ng5 26. Qf4 Qf6 0-1

[Event "Titled Tuesday intern op 20th Jun Early"]
[Site "Chess.com INT"]
[Date "2023.06.20"]
[Round "4"]
[White "Mayaud, Raphael"]
[Black "Zallio, Luciano de Souza"]
[Result "1/2-1/2"]
[WhiteElo "2201"]
[BlackElo "2079"]
[PlyCount "175"]
[EventDate "2023.06.20"]
[EventType "swiss (blitz)"]
[EventRounds "11"]
[EventCountry "USA"]
[SourceTitle "EXT 2024"]
[Source "ChessBase"]
[SourceDate "2023.10.10"]
[SourceVersion "1"]
[SourceVersionDate "2023.10.10"]
[SourceQuality "1"]

1. d4 d5 2. Nf3 Nf6 3. c4 e6 4. g3 Be7 5. Bg2 0-0 6. 0-0 c6 7. Qc2 b6 8. Nbd2 Bb7 9. e4 dxe4 10. Nxe4 Nbd7 11. Rd1 Nxe4 12. Qxe4 Nf6 13. Qc2 Qc7 14. Bf4 Bd6 15. Bxd6 Qxd6 16. c5 Qe7 17. Ne5 Rac8 18. b4 Nd5 19. a3 Rfd8 20. Nc4 bxc5 21. bxc5 Ba6 22. Nd6 Rb8 23. Rab1 Qc7 24. Be4 Nf6 25. Bf3 Nd5 26. h4 g6 27. Kg2 Rxb1 28. Rxb1 Rb8 29. Rh1 h5 30. Bxd5 exd5 31. g4 hxg4 32. h5 g5 33. Qf5 Qe7 34. Qxg4 Be2 35. Qg3 Rb2 36. Re1 Bf3+ 37. Qxf3 Qxe1 38. Qxf7+ Kh8 39. Qf6+ Kg8 40. Qxg5+ Kf8 41. Qf6+ Kg8 42. Qf7+ Kh8 43. Qf8+ Kh7 44. Qf5+ Kg8 45. h6 Qe7 46. Qg6+ Kf8 47. Qf5+ Kg8 48. Qg6+ Kf8 49. Nf5 Qf7 50. Qd6+ Kg8 51. Qd8+ Kh7 52. Qg5 Qg6 53. Qxg6+ Kxg6 54. Ne7+ Kxh6 55. Nxc6 Ra2 56. Ne7 Rd2 57. Nxd5 Rxd4 58. Ne3 Ra4 59. c6 Rxa3 60. Nd5 Ra5 61. Ne7 Rc5 62. Kf3 Kg7 63. Ke4 Kf7 64. Kd4 Rc1 65. Nf5 Rxc6 66. Ne3 Rb6 67. Kc4 Rb8 68. Nf5 Kf6 69. Nd6 Ke5 70. Nb5 a6 71. Nc3 Kf4 72. Na4 Kf3 73. Nc5 a5 74. Nb3 a4 75. Nd4+ Kxf2 76. Nc2 Rc8+ 77. Kd3 Rb8 78. Kc3 Rb3+ 79. Kc4 Rb8 80. Na3 Ke2 81. Nc2 Kd2 82. Nd4 Kc1 83. Nf3 a3 84. Nd4 a2 85. Ne2+ Kd2 86. Nc3 a1Q 87. Ne4+ Ke3 88. Nc5 1/2-1/2

[Event "Titled Tuesday intern op 20th Jun Early"]
[Site "Chess.com INT"]
[Date "2023.06.20"]
[Round "10"]
[White "Prydun, Andriy"]
[Black "Zallio, Luciano de Souza"]
[Result "1/2-1/2"]
[WhiteElo "2134"]
[BlackElo "2079"]
[PlyCount "131"]
[EventDate "2023.06.20"]
[EventType "swiss (blitz)"]
[EventRounds "11"]
[EventCountry "USA"]
[SourceTitle "EXT 2024"]
[Source "ChessBase"]
[SourceDate "2023.10.10"]
[SourceVersion "1"]
[SourceVersionDate "2023.10.10"]
[SourceQuality "1"]

1. e4 e6 2. d3 d5 3. Nd2 Nf6 4. Ngf3 c5 5. g3 Be7 6. Bg2 0-0 7. 0-0 b6 8. Re1 Bb7 9. c3 Nc6 10. Qe2 dxe4 11. Nxe4 Nxe4 12. dxe4 e5 13. h4 h6 14. Nh2 Qc7 15. Qh5 Bc8 16. Ng4 Bxg4 17. Qxg4 Kh8 18. Be3 Rad8 19. Rad1 Rxd1 20. Rxd1 Rd8 21. Rd5 Bf8 22. a3 g6 23. h5 g5 24. Bh3 Ne7 25. Rd1 Rd6 26. Qe2 Qd8 27. Bg4 Rxd1+ 28. Qxd1 Qxd1+ 29. Bxd1 Kg7 30. Ba4 Nc8 31. Bb5 Bd6 32. Bd3 Ne7 33. Bb5 f6 34. Kg2 Kf7 35. Kf3 Ke6 36. Kg4 Kf7 37. Bd7 Ng8 38. b4 cxb4 39. cxb4 Ne7 40. f3 Ng8 41. Bd2 Ne7 42. a4 Ng8 43. a5 bxa5 44. bxa5 Bc5 45. Bc6 Ne7 46. Bb7 Ke6 47. a6 Kd6 48. Ba5 Kd7 49. Bc3 Kc7 50. Ba5+ Bb6 51. Bb4 Kd7 52. Bxe7 Kxe7 53. Kf5 Kf7 54. Bd5+ Kg7 55. Ke6 Bf2 56. g4 Bb6 57. Kd7 Be3 58. Be6 Bf2 59. Bf5 Be3 60. Ke6 Bf2 61. Kd7 Be3 62. Kc6 Bf2 63. Kb7 Be3 64. Kc6 Bf2 65. Kb7 Be3 66. Kc6 1/2-1/2

[Event "Titled Tuesday intern op 06th Jun Early"]
[Site "Chess.com INT"]
[Date "2023.06.06"]
[Round "9"]
[White "Abrosimov, Vladimir"]
[Black "Zallio, Luciano de Souza"]
[Result "0-1"]
[WhiteElo "2341"]
[BlackElo "2079"]
[PlyCount "128"]
[EventDate "2023.06.06"]
[EventType "swiss (blitz)"]
[EventRounds "11"]
[EventCountry "USA"]
[SourceTitle "EXT 2024"]
[Source "ChessBase"]
[SourceDate "2023.10.10"]
[SourceVersion "1"]
[SourceVersionDate "2023.10.10"]
[SourceQuality "1"]

1. c4 e5 2. Nc3 d6 3. d3 f5 4. g3 Nf6 5. Bg2 Be7 6. e3 0-0 7. Nge2 c6 8. 0-0 Qe8 9. Rb1 a5 10. a3 Qh5 11. b4 axb4 12. axb4 g5 13. f4 gxf4 14. exf4 Kh8 15. b5 Ng4 16. h3 Nf6 17. bxc6 Nxc6 18. Nd5 Nxd5 19. cxd5 Nd8 20. fxe5 dxe5 21. Bb2 Nf7 22. Nf4 Qg5 23. Ne6 Bxe6 24. dxe6 Nd6 25. Bxe5+ Kg8 26. Bf4 Qf6 27. Re1 Ra2 28. Re2 Rfa8 29. Bd5 Qd4+ 30. Kh2 Qxd5 31. Rbb2 Rxb2 32. Rxb2 Ra2 33. Qe2 Rxb2 34. Qxb2 Qxd3 35. Bh6 Bf8 36. Bxf8 Kxf8 37. Qf6+ Ke8 38. Qh8+ Ke7 39. Qxh7+ Kxe6 40. Qg6+ Ke5 41. Qg7+ Kd5 42. h4 Qe2+ 43. Kh3 Qg4+ 44. Qxg4 fxg4+ 45. Kxg4 b5 46. h5 Nf7 47. Kf5 b4 48. Kf6 Nh6 49. Kg6 Ng4 50. h6 Nxh6 51. Kxh6 b3 52. g4 b2 53. g5 b1Q 54. g6 Qb8 55. Kh7 Qh2+ 56. Kg8 Qh6 57. g7 Ke6 58. Kf8 Qf6+ 59. Kg8 Qd8+ 60. Kh7 Qh4+ 61. Kg8 Kf6 62. Kf8 Qb4+ 63. Kg8 Qb8+ 64. Kh7 Qc7 0-1

[Event "Titled Tuesday intern op 06th Jun Early"]
[Site "Chess.com INT"]
[Date "2023.06.06"]
[Round "1"]
[White "Taichman, Ori"]
[Black "Zallio, Luciano de Souza"]
[Result "1-0"]
[WhiteElo "2307"]
[BlackElo "2079"]
[PlyCount "169"]
[EventDate "2023.06.06"]
[EventType "swiss (blitz)"]
[EventRounds "11"]
[EventCountry "USA"]
[SourceTitle "EXT 2024"]
[Source "ChessBase"]
[SourceDate "2023.10.10"]
[SourceVersion "1"]
[SourceVersionDate "2023.10.10"]
[SourceQuality "1"]

1. e4 e6 2. d4 d5 3. Nc3 Nf6 4. Bg5 Be7 5. e5 Nfd7 6. Bxe7 Qxe7 7. f4 a6 8. Nf3 c5 9. dxc5 Nc6 10. Qd2 Nxc5 11. a3 0-0 12. Bd3 Nxd3+ 13. cxd3 f6 14. Qe3 fxe5 15. Nxe5 Qh4+ 16. g3 Qh3 17. Ne2 Nxe5 18. fxe5 Qg2 19. 0-0-0 Rf3 20. Rhg1 Qf2 21. Qxf2 Rxf2 22. Kd2 Rxh2 23. Rc1 Bd7 24. Rc7 Bc6 25. Ke3 Rf8 26. Nf4 Re8 27. b4 g5 28. Ne2 Rf8 29. Nd4 Rff2 30. Nxe6 g4 31. Rc8+ Kf7 32. Rf8+ Kxe6 33. Rxf2 d4+ 34. Ke2 Bf3+ 35. Ke1 Rh6 36. Rc2 Kxe5 37. Rc5+ Kd6 38. Rf1 Rh3 39. Rg1 Rh2 40. a4 Rb2 41. Rh5 Rxb4 42. Rxh7 Rb2 43. a5 Kc5 44. Rf1 Re2+ 45. Kd1 Rg2+ 46. Kc1 Rxg3 47. Rh5+ Kb4 48. Rf2 Kc3 49. Rc5+ Kxd3 50. Rd2+ Ke3 51. Re5+ Be4 52. Rd1 Kf4 53. Re7 Bf3 54. Rxd4+ Kg5 55. Rg7+ Kf6 56. Rdd7 Rg2 57. Rgf7+ Ke5 58. Rde7+ Kd4 59. Rd7+ Ke3 60. Rfe7+ Kf4 61. Rd6 g3 62. Rf6+ Kg4 63. Rg6+ Kh5 64. Reg7 Be4 65. Rxg3 Rxg3 66. Rxg3 Bc6 67. Kd2 Kh4 68. Rg1 Kh3 69. Ke3 Kh2 70. Rg7 Kh3 71. Kd4 Kh4 72. Kc5 Kh5 73. Kb6 Kh6 74. Rxb7 Bf3 75. Kxa6 Kg6 76. Re7 Kf6 77. Re3 Bd5 78. Kb6 Bg2 79. a6 Kf5 80. a7 Kf6 81. Re8 Bd5 82. a8Q Bxa8 83. Rxa8 Ke7 84. Rc8 Kd7 85. Rc6 1-0

[Event "Titled Tuesday intern op 06th Jun Early"]
[Site "Chess.com INT"]
[Date "2023.06.06"]
[Round "10"]
[White "Zallio, Luciano de Souza"]
[Black "Rian, Kapriaga"]
[Result "0-1"]
[WhiteElo "2079"]
[BlackElo "2089"]
[PlyCount "40"]
[EventDate "2023.06.06"]
[EventType "swiss (blitz)"]
[EventRounds "11"]
[EventCountry "USA"]
[SourceTitle "EXT 2024"]
[Source "ChessBase"]
[SourceDate "2023.10.10"]
[SourceVersion "1"]
[SourceVersionDate "2023.10.10"]
[SourceQuality "1"]

1. e4 c6 2. d4 d5 3. e5 Bf5 4. Nf3 e6 5. Bd3 Bxd3 6. Qxd3 Qa5+ 7. c3 Qa6 8. Qxa6 Nxa6 9. 0-0 c5 10. Be3 cxd4 11. Bxd4 Ne7 12. Nbd2 Nf5 13. g4 Ne7 14. Kg2 h5 15. h3 Nb8 16. c4 Nbc6 17. cxd5 Nxd5 18. Ne4 Be7 19. Rac1 hxg4 20. hxg4 Nf4+ 0-1

[Event "Salvador op"]
[Site "Salvador"]
[Date "2023.01.??"]
[Round "?"]
[White "Pinto, Jaime de Castilho F"]
[Black "Zallio, Luciano de Souza"]
[Result "0-1"]
[WhiteElo "2001"]
[BlackElo "2107"]
[PlyCount "66"]
[EventDate "2023.01.12"]
[EventType "swiss"]
[EventRounds "7"]
[EventCountry "BRA"]
[SourceTitle "CBM 212 Extra"]
[Source "ChessBase"]
[SourceDate "2023.03.31"]
[SourceVersion "1"]
[SourceVersionDate "2023.03.31"]
[SourceQuality "1"]

1. c4 e6 2. g3 c5 3. Bg2 Nc6 4. Nf3 g6 5. 0-0 Bg7 6. d3 Nge7 7. Nc3 0-0 8. a3 d5 9. Qc2 d4 10. Nd1 e5 11. e4 f5 12. exf5 Bxf5 13. Ng5 h6 14. Ne4 b6 15. Bd2 a5 16. f4 Qd7 17. Ndf2 Rad8 18. Rae1 exf4 19. Bxf4 g5 20. Bd2 Ng6 21. Qd1 Nge5 22. Bxg5 hxg5 23. Nxg5 Ne7 24. Be4 Bxe4 25. Rxe4 Qf5 26. h4 Qg6 27. Nfh3 Rxf1+ 28. Qxf1 Qf5 29. Nf4 N7g6 30. Nxg6 Qxg6 31. Qe2 Bf6 32. Kg2 Bxg5 33. hxg5 Qxg5 0-1

[Event "Salvador op"]
[Site "Salvador"]
[Date "2023.01.??"]
[Round "?"]
[White "Vieira, Luiz Gonzaga Dos Sa"]
[Black "Zallio, Luciano de Souza"]
[Result "0-1"]
[WhiteElo "1754"]
[BlackElo "2107"]
[PlyCount "66"]
[EventDate "2023.01.12"]
[EventType "swiss"]
[EventRounds "7"]
[EventCountry "BRA"]
[SourceTitle "CBM 212 Extra"]
[Source "ChessBase"]
[SourceDate "2023.03.31"]
[SourceVersion "1"]
[SourceVersionDate "2023.03.31"]
[SourceQuality "1"]

1. e4 e6 2. Nf3 d5 3. exd5 exd5 4. d4 Bd6 5. Bd3 Bg4 6. h3 Bh5 7. Nc3 Ne7 8. Be3 Nbc6 9. g4 Bg6 10. Bxg6 hxg6 11. a3 Qd7 12. Qd2 Qxg4 13. hxg4 Rxh1+ 14. Ke2 Rxa1 15. Qd3 a6 16. Nd1 0-0-0 17. b4 a5 18. Qc3 Rb1 19. bxa5 Rb5 20. a4 Rxa5 21. Qb3 Ra6 22. Nc3 Na5 23. Qa2 c6 24. Nd2 f6 25. Nb3 Nc4 26. Nd2 Nxd2 27. Bxd2 Kc7 28. Kf3 g5 29. Nd1 Rda8 30. Nb2 b5 31. a5 b4 32. Qb3 Rxa5 33. Bxb4 Ra3 0-1

[Event "BRA-ch 88th"]
[Site "Recife"]
[Date "2022.12.18"]
[Round "5"]
[White "Zallio, Luciano de Souza"]
[Black "Segato, Pedro Henrique Pedr"]
[Result "0-1"]
[WhiteElo "2107"]
[BlackElo "1944"]
[PlyCount "48"]
[EventDate "2022.12.15"]
[EventType "swiss"]
[EventRounds "11"]
[EventCountry "BRA"]
[SourceTitle "CBM 212 Extra"]
[Source "ChessBase"]
[SourceDate "2023.03.31"]
[SourceVersion "1"]
[SourceVersionDate "2023.03.31"]
[SourceQuality "1"]

1. Nf3 d5 2. b3 Nf6 3. Bb2 Bf5 4. Nh4 Bg4 5. h3 Bc8 6. g3 b6 7. Bg2 Bb7 8. c4 e6 9. 0-0 Be7 10. cxd5 Bxd5 11. Nf3 0-0 12. Nc3 Bb7 13. Qc2 c5 14. Rad1 Nc6 15. Rfe1 Rc8 16. Qb1 Qd7 17. d4 cxd4 18. Nxd4 Nxd4 19. Rxd4 Qxd4 20. Rd1 Qb4 21. Bxb7 Rxc3 22. Qa1 Rc7 23. Bf3 Rd8 24. Rb1 Ne8 0-1

[Event "Natal zt 2.4"]
[Site "Natal"]
[Date "2022.10.07"]
[Round "8"]
[White "Do Nascimento, Davi Alves"]
[Black "Zallio, Luciano de Souza"]
[Result "1/2-1/2"]
[WhiteElo "1922"]
[BlackElo "2137"]
[PlyCount "77"]
[EventDate "2022.10.03"]
[EventType "swiss"]
[EventRounds "9"]
[EventCountry "BRA"]
[SourceTitle "EXT 2024"]
[Source "ChessBase"]
[SourceDate "2023.10.10"]
[SourceVersion "1"]
[SourceVersionDate "2023.10.10"]
[SourceQuality "1"]

1. d4 e6 2. c4 Nf6 3. Nf3 d5 4. g3 Be7 5. Bg2 0-0 6. 0-0 b6 7. Qc2 Bb7 8. Nbd2 Nbd7 9. Rd1 c5 10. b3 Rc8 11. Bb2 dxc4 12. bxc4 cxd4 13. Bxd4 Qc7 14. Qb2 Rfd8 15. e4 Bc5 16. Nb3 Bxd4 17. Nbxd4 Nxe4 18. Nb5 Qb8 19. Qa3 a6 20. Nd6 Nxd6 21. Rxd6 Bxf3 22. Bxf3 Ne5 23. Rxd8+ Rxd8 24. Bg2 Qc8 25. Rc1 Nxc4 26. Qe7 b5 27. Bb7 Qb8 28. Bxa6 Qd6 29. Qxd6 Nxd6 30. Rd1 b4 31. Rd4 Kf8 32. Rxb4 Ra8 33. Rb6 Ke7 34. a4 Kd7 35. Bb5+ Nxb5 36. axb5 Kc7 37. Rc6+ Kd7 38. Rb6 Kc7 39. Rc6+ 1/2-1/2

[Event "Natal zt 2.4"]
[Site "Natal"]
[Date "2022.10.06"]
[Round "6"]
[White "De Almeida, Olivan Duarte"]
[Black "Zallio, Luciano de Souza"]
[Result "0-1"]
[WhiteElo "1516"]
[BlackElo "2137"]
[PlyCount "60"]
[EventDate "2022.10.03"]
[EventType "swiss"]
[EventRounds "9"]
[EventCountry "BRA"]
[SourceTitle "EXT 2024"]
[Source "ChessBase"]
[SourceDate "2023.10.10"]
[SourceVersion "1"]
[SourceVersionDate "2023.10.10"]
[SourceQuality "1"]

1. e4 e6 2. d4 d5 3. Nd2 c5 4. exd5 exd5 5. Bb5+ Nc6 6. Qe2+ Be6 7. dxc5 Bxc5 8. Nb3 Be7 9. Nd4 Bd7 10. Ngf3 Nf6 11. 0-0 0-0 12. c3 Re8 13. Qd3 Ne4 14. c4 Nc5 15. Qd1 dxc4 16. Bxc4 Bf6 17. Be3 Qe7 18. Nb5 Red8 19. Nd6 Be6 20. Bxc5 Bxc4 21. Re1 Be6 22. Re2 Qc7 23. Rc1 Bg4 24. Rc4 Bxf3 25. gxf3 Ne5 26. Rc3 Nd7 27. Qd5 Nxc5 28. Nb5 Rxd5 29. Nxc7 Rd1+ 30. Kg2 Bxc3 0-1

[Event "Natal zt 2.4"]
[Site "Natal"]
[Date "2022.10.05"]
[Round "5"]
[White "Zallio, Luciano de Souza"]
[Black "De Andrade, Dalson Holanda Cav"]
[Result "0-1"]
[WhiteElo "2137"]
[BlackElo "1900"]
[PlyCount "71"]
[EventDate "2022.10.03"]
[EventType "swiss"]
[EventRounds "9"]
[EventCountry "BRA"]
[SourceTitle "EXT 2024"]
[Source "ChessBase"]
[SourceDate "2023.10.10"]
[SourceVersion "1"]
[SourceVersionDate "2023.10.10"]
[SourceQuality "1"]

1. e4 c5 2. Nf3 d6 3. d4 cxd4 4. Nxd4 Nf6 5. Nc3 a6 6. Be2 e6 7. 0-0 Be7 8. f4 Qc7 9. Kh1 0-0 10. Bf3 Nc6 11. Be3 e5 12. Nf5 exf4 13. Bxf4 Ne5 14. Ne3 Be6 15. Be2 Rac8 16. Bg5 Qc5 17. Nf5 Bxf5 18. Rxf5 Qb4 19. Rb1 Qc5 20. Bd3 Rfe8 21. Qd2 Nfg4 22. Bxe7 Rxe7 23. Nd5 Re6 24. Rbf1 Nh6 25. R5f2 Qd4 26. b3 Rf8 27. h3 Kh8 28. g4 Nhxg4 29. hxg4 Nxg4 30. Rh2 Nxh2 31. Kxh2 Rh6+ 32. Kg2 Rg6+ 33. Kf3 f5 34. exf5 Qxd5+ 35. Kf2 Rxf5+ 36. Ke1 0-1

[Event "Natal zt 2.4"]
[Site "Natal"]
[Date "2022.10.04"]
[Round "2"]
[White "Matsuura, Everaldo"]
[Black "Zallio, Luciano de Souza"]
[Result "1-0"]
[WhiteElo "2445"]
[BlackElo "2137"]
[PlyCount "95"]
[EventDate "2022.10.03"]
[EventType "swiss"]
[EventRounds "9"]
[EventCountry "BRA"]
[SourceTitle "EXT 2024"]
[Source "ChessBase"]
[SourceDate "2023.10.10"]
[SourceVersion "1"]
[SourceVersionDate "2023.10.10"]
[SourceQuality "1"]

1. e4 e6 2. d4 d5 3. Nc3 dxe4 4. Nxe4 Nd7 5. Nf3 Be7 6. Bd3 Ngf6 7. Qe2 0-0 8. Bg5 Nd5 9. 0-0-0 f5 10. Bxe7 Qxe7 11. Neg5 Nf4 12. Qd2 Nxd3+ 13. Qxd3 h6 14. Nh3 g5 15. Rhe1 a5 16. Ne5 Nxe5 17. Rxe5 Ra6 18. f4 g4 19. Nf2 Qh4 20. Qg3 Qxg3 21. hxg3 Rd8 22. c3 Kf7 23. Nd3 b6 24. Rh1 Kg7 25. Ne1 Ra8 26. Nc2 Rd6 27. Ne3 Bd7 28. d5 Rf8 29. Re1 Kf6 30. Rd1 Rd8 31. c4 c6 32. Rh1 Kg6 33. b3 Bc8 34. dxe6 Bxe6 35. c5 bxc5 36. Rxc5 Bd7 37. Rxa5 Re6 38. Nc4 Be8 39. Ne5+ Kg7 40. Ra7+ Kg8 41. Rd1 Rb8 42. Kc2 Rb4 43. Rd8 Re4 44. Kd2 h5 45. Ra4 Rxa4 46. bxa4 Kf8 47. a5 Ke7 48. a6 1-0

[Event "Norte e Nordeste-ch U2200"]
[Site "Fortaleza"]
[Date "2022.04.16"]
[Round "4"]
[White "Zallio, Luciano de Souza"]
[Black "Andrade, Roberto Luiz Costa"]
[Result "1/2-1/2"]
[WhiteElo "2150"]
[BlackElo "1996"]
[PlyCount "89"]
[EventDate "2022.04.15"]
[EventType "swiss"]
[EventRounds "6"]
[EventCountry "BRA"]
[SourceTitle "EXT 2023"]
[Source "ChessBase"]
[SourceDate "2022.10.05"]
[SourceVersion "1"]
[SourceVersionDate "2022.10.05"]
[SourceQuality "1"]

1. d4 Nf6 2. Nf3 d5 3. e3 g6 4. Be2 Bg7 5. 0-0 0-0 6. b3 c5 7. Bb2 cxd4 8. Bxd4 Nc6 9. Bb2 Bf5 10. Nbd2 Qa5 11. Nh4 Be6 12. a3 Rfd8 13. Nhf3 Rac8 14. Rc1 a6 15. b4 Qc7 16. Qe1 b5 17. h3 Bd7 18. Nb3 Ne4 19. Bxg7 Kxg7 20. Bd3 Nd6 21. Nc5 a5 22. Nd4 axb4 23. axb4 Qb6 24. Ra1 Nb8 25. Qc3 Kg8 26. Ndb3 Bf5 27. Qe5 Nc6 28. Qc3 Ra8 29. Bxf5 Nxf5 30. Rxa8 Rxa8 31. Ra1 Rxa1+ 32. Qxa1 Qa7 33. Qxa7 Nxa7 34. g4 Nd6 35. Nd4 e5 36. Nf3 Nc6 37. c3 f6 38. Nd2 d4 39. exd4 exd4 40. cxd4 Nxd4 41. f3 Kf7 42. Kf2 f5 43. f4 fxg4 44. hxg4 h6 45. Kg3 1/2-1/2

[Event "BRA-ch 87th"]
[Site "Cuiaba"]
[Date "2021.11.02"]
[Round "9"]
[White "Zallio, Luciano de Souza"]
[Black "Umetsubo, Cesar Hidemitsu"]
[Result "0-1"]
[WhiteElo "2163"]
[BlackElo "2379"]
[PlyCount "70"]
[EventDate "2021.10.28"]
[EventType "swiss"]
[EventRounds "11"]
[EventCountry "BRA"]
[SourceTitle "CBM 205 Extra"]
[Source "ChessBase"]
[SourceDate "2022.01.31"]
[SourceVersion "1"]
[SourceVersionDate "2022.01.31"]
[SourceQuality "1"]

1. Nf3 d5 2. e3 Nf6 3. b3 Bf5 4. Bb2 e6 5. d4 Nbd7 6. Bd3 Bg6 7. 0-0 Bd6 8. c4 c6 9. Nc3 0-0 10. Bxg6 hxg6 11. Re1 dxc4 12. bxc4 e5 13. Qc2 Re8 14. Nd2 exd4 15. exd4 Qa5 16. Nce4 Bb4 17. a3 Rxe4 18. axb4 Rxe1+ 19. Rxe1 Qxb4 20. Bc3 Qd6 21. Qd3 a5 22. Rb1 b6 23. Qf3 a4 24. h4 Qe6 25. Bb4 Rb8 26. Kf1 Re8 27. Qd1 Qf5 28. Nf3 b5 29. d5 c5 30. Bc3 b4 31. Ba1 a3 32. Qb3 Nb6 33. Rc1 Re4 34. Ng5 Rxh4 35. Qg3 Rh1+ 0-1